The School leader's guide to special education / (Record no. 99825)

MARC details
000 -LEADER
fixed length control field 00666nam a22002177a 4500
003 - CONTROL NUMBER IDENTIFIER
control field URS
005 - DATE AND TIME OF LATEST TRANSACTION
control field 20260414102423.0
008 - FIXED-LENGTH DATA ELEMENTS--GENERAL INFORMATION
fixed length control field 260414b |||||||| |||| 00| 0 eng d
020 ## - INTERNATIONAL STANDARD BOOK NUMBER
International Standard Book Number 9781935542810
040 ## - CATALOGING SOURCE
Transcribing agency URS
050 ## - LIBRARY OF CONGRESS CALL NUMBER
Classification number LC 4015
Item number .M2225 2012
100 ## - MAIN ENTRY--PERSONAL NAME
Personal name Mclaughlin, Margaret J
245 ## - TITLE STATEMENT
Title The School leader's guide to special education /
Statement of responsibility, etc Margaret J. Mclaughlin... [and one other.]
250 ## - EDITION STATEMENT
Edition statement Third Edition.--
264 ## - PUBLICATION, DISTRIBUTION, ETC. (IMPRINT)
Place of publication, distribution, etc Bloomington, IN :
Name of publisher, distributor, etc Solution Tree,
Date of publication, distribution, etc ©2012.
300 ## - PHYSICAL DESCRIPTION
Extent ix, 95 pages :
Dimensions 28 cm.
504 ## - BIBLIOGRAPHY, ETC. NOTE
Bibliography, etc Includes bibliographical references.
650 ## - SUBJECT ADDED ENTRY--TOPICAL TERM
Topical term or geographic name as entry element Special education
700 ## - ADDED ENTRY--PERSONAL NAME
Personal name Ruedel, Kristin
942 ## - ADDED ENTRY ELEMENTS (KOHA)
Source of classification or shelving scheme Library of Congress Classification
Koha item type Foreign Books
Holdings
Withdrawn status Lost status Source of classification or shelving scheme Damaged status Not for loan Collection code Home library Current library Shelving location Date acquired Source of acquisition Total Checkouts Full call number Barcode Date last seen Copy number Price effective from Koha item type
    Library of Congress Classification     Non-fiction Antipolo College Library Antipolo College Library Foreign Section 10/23/2025 Purchased   LC 4015 .M2225 2012 URSANT-06152 04/14/2026 1 04/14/2026 Foreign Books

University of Rizal System
Email us at univlibservices@urs.edu.ph

Visit our Website www.urs.edu.ph/library